LIBRARY & INFORMATION CENTRE, KCAET, TAVANUR

ONLINE PUBLIC ACCESS CATALOGUE (OPAC)

Standard handbook for civil engineers / (Record no. 7100)

MARC details
000 -LEADER
fixed length control field 00421cam a2200157ua 4500
041 ## - LANGUAGE CODE
Language code of text/sound track or separate title eng
082 ## - DEWEY DECIMAL CLASSIFICATION NUMBER
Classification number 028.71624
Item number MER/ST
100 ## - MAIN ENTRY--AUTHOR NAME
Personal name Merritt, Fredericks .
245 ## - TITLE STATEMENT
Title Standard handbook for civil engineers /
250 ## - EDITION STATEMENT
Edition statement 3 /
260 ## - PUBLICATION, DISTRIBUTION, ETC. (IMPRINT)
Place of publication New York :
Name of publisher McGraw Hill Book Company ,
Year of publication 1983.
300 ## - PHYSICAL DESCRIPTION
Number of Pages 1626 ; .
942 ## - ADDED ENTRY ELEMENTS (KOHA)
Koha item type Books
Holdings
Withdrawn status Lost status Damaged status Home library Current library Date acquired Full call number Accession Number Koha item type
      KAUAET   07/04/2012 028.71624 18008 Books
free website counter